Technická mechanika pre silnoprúdovú elektrotechniku /

Na minha lista:
Detalhes bibliográficos
Autor principal: Hörmann, Jozef (Author)
Formato: Livro
Idioma:eslovaco
Publicado em: Bratislava : STU v Bratislave, 1983
Edição:1.vyd.
Tags: Adicionar Tag
Sem tags, seja o primeiro a adicionar uma tag!

MARC

LEADER 00000nam a22000003a 4500
001 stu6970
005 20150617225805.5
008 940801s1983----cs------------------slo-d
040 |a STU  |b slo 
041 0 |a slo 
044 |a cs 
100 1 |a Hörmann, Jozef  |4 aut 
245 1 |a Technická mechanika pre silnoprúdovú elektrotechniku /  |c Aut.: Hörmann,Jozef 
250 |a 1.vyd. 
260 |a Bratislava :  |b STU v Bratislave,  |c 1983 
300 |a 402 s 
996 |b 284EK09048  |c E*53011  |l EE0105  |s P  |a 0  |w stu6970_0022